Normal view
MARC view
- Supervised by Dr. Muhammad Faisal Khan
Entry Personal Name
001 - CONTROL NUMBER
- control field: 133116
003 - CONTROL NUMBER IDENTIFIER
- control field: NUST
005 - DATE AND TIME OF LATEST TRANSACTION
- control field: 20260206191029.0
008 - FIXED-LENGTH DATA ELEMENTS
- fixed length control field: 260206|| aca||aabn | a|a d
040 ## - CATALOGING SOURCE
- Original cataloging agency: NUST
- Transcribing agency: NUST
100 ## - HEADING--PERSONAL NAME
- Personal name: Supervised by Dr. Muhammad Faisal Khan
670 ## - SOURCE DATA FOUND
- Source citation: Work cat.: (NUST)217733: Khurashid, Hasnat 133115, Classification and Segmentation in Remotely Sensed Imagery /, 2016
